Królowie Polski cz. 2 Jagiellonowie - nagła śmierć - Statystyki

Ogólne statystyki
  • Ten quiz został rozwiązany 55 razy
  • Średni wynik to 5 z 9
Answers on the Grid
Answers color-coded by a green-red scale on the quiz's grid according to % correct below.
Władysław Jagiełło
Władysław Warneńczyk
Kazimierz Jagiellończyk
Jadwiga
Ludwik Węgierski
Aleksander Jagiellończyk
Jan Olbracht
Zygmunt August
Zygmunt Stary
Zygmunt Jagiellończyk
Zygmunt Młody
Andżelika
Ludwik Niemiecki
Władysław Jagiellończyk
Bezprym
Mieszko I
 
Statystyki odpowiedzi
Odpowiedź % Poprawnych
Władysław Jagiełło
89%
Kazimierz Jagiellończyk
80%
Aleksander Jagiellończyk
69%
Władysław Warneńczyk
57%
Zygmunt August
57%
Zygmunt Stary
54%
Jan Olbracht
37%
Ludwik Węgierski
29%
Jadwiga
23%
Nie znaleziono quizów pasujących do podanych kryteriów
Rozkład punktacji
Procent ludzi z każdym wynikiem
Percentyl według liczby udzielonych odpowiedzi
Twoja historia wyników
Nie rozwiązałeś tego quizu